00611nam a22002057a 450000500170000001000130001702000220003003500130005203700160006504000120008108200150009324500740010826000430018227000430022530000240026849000450029265000260033765000250036370000170038820170124110133.0 aA-794337 c00.00a8170996244 aA-794337 bCen Lib/Ret aDPLbEN a658.3bPER aPersonnel management and industrial relations /cedited by K.V.Ramani aNew DelhibMittal Publications c1995 aA-110, Mohan GardenbNew Delhie110059 avi,328p. c19cm(Hb) aReadings in personnel managementvno . 2 aIndustrial efficiency aPersonnel management aRamani, K.V.